| 000 | 00681cam a2200229 a 4500 | ||
|---|---|---|---|
| 001 | 000011173 | ||
| 003 | UkOxU | ||
| 005 | 20200929162359.0 | ||
| 008 | 800102s1987 nyua b 001 0 eng | ||
| 020 | _a0201061287 | ||
| 040 |
_aDO-SdBNP _beng _cLC _dBNPHU |
||
| 082 |
_a612 _bR188m, 1987 |
||
| 100 | 1 |
_aRandall, James E. _q(James Edwin) _926694 |
|
| 245 | 1 | 0 |
_aMicrocomputers and physiological simulation / _cJames E. Randall. |
| 250 | _a2a ed. | ||
| 260 |
_aNew York : _bRaven Press, _c1987. |
||
| 300 |
_axiv, 287 p. : _bil. ; _c25 cm. |
||
| 650 | 4 |
_aFisiologĂa humana _xProcesamiento de datos _926695 |
|
| 650 | 4 |
_aModelos matemáticos _926696 |
|
| 910 | _aDC | ||
| 049 | _aBNGR | ||
| 999 |
_c10898 _d10898 |
||